000 00547nam a2200229Ia 4500
008 210210b2012 xxu||||| |||| 00| 0 eng d
020 _a9780857024060
041 _aeng
082 _a616.89 NEZD
100 _aNEZLEK (John B)
245 _aDiary methods for personality and social psychology
260 _aLondon
_bSage Publications
_c2012
300 _a158
650 _asocial
650 _apsychology
650 _apersonality
650 _amethods
650 _afor
650 _aDiary
690 _aDiseases
906 _a071441
999 _c120853
_d120853